[Event "New York op"]
[Site "New York"]
[Date "1991.??.??"]
[Round "2"]
[White "Shirazi, Kamran"]
[Black "Birmingham, Eric"]
[Result "0-1"]
[WhiteElo "2390"]
[BlackElo "2355"]
[Annotator "Blatny,P"]
[PlyCount "40"]
[EventDate "1991.03.??"]
[EventType "swiss"]
[EventRounds "9"]
[EventCountry "USA"]
[SourceTitle "CBM 023"]
[Source "ChessBase"]
[SourceDate "1991.08.01"]
[SourceVersion "1"]
[SourceVersionDate "1991.08.01"]
[SourceQuality "1"]

1. e4 c5 2. Nf3 Nc6 3. Bb5 g6 4. O-O Bg7 5. d4 cxd4 6. c3 $6 {Morra gambit idea
} dxc3 7. Nxc3 Nf6 8. Re1 O-O 9. e5 Ng4 10. Bf4 f6 11. exf6 Nxf6 12. Bc4+ Kh8
13. Ng5 d5 $1 14. Bxd5 Nxd5 15. Nxd5 Bd4 $1 16. Rxe7 (16. Qf3 e5 $19) (16. Qb3
e5 17. Be3 Bxe3 $19) 16... Qxd5 17. Rxh7+ Kg8 18. Be3 Rf5 19. Qg4 Rxg5 20. Rh8+
Bxh8 0-1

[Event "Lisbon zt"]
[Site "Lisbon"]
[Date "1993.??.??"]
[Round "10"]
[White "Fernandes, Antonio ETG"]
[Black "Garcia Paolicchi, Raul"]
[Result "1-0"]
[WhiteElo "2455"]
[BlackElo "2300"]
[Annotator "Blatny,P"]
[PlyCount "67"]
[EventDate "1993.03.??"]
[EventType "tourn"]
[EventRounds "11"]
[EventCountry "POR"]
[EventCategory "7"]
[SourceTitle "CBM 035"]
[Source "ChessBase"]
[SourceDate "1993.08.01"]
[SourceVersion "1"]
[SourceVersionDate "1993.08.01"]
[SourceQuality "1"]

1. e4 c5 2. Nf3 Nc6 3. Bb5 g6 4. O-O Bg7 5. c3 Nf6 6. Qe2 O-O 7. Rd1 Ne8 8. h3
Nc7 9. Bxc6 dxc6 10. d4 cxd4 11. cxd4 b6 12. Nc3 Ba6 13. Qc2 Qc8 14. Bg5 Re8
15. Rd2 h6 16. Bh4 Ne6 17. Re1 Nf4 18. Bg3 Nh5 19. Bh2 g5 20. e5 g4 21. hxg4
Qxg4 22. Re4 Qg6 23. Rh4 Bf8 {/\Ng7} 24. Qxg6+ fxg6 25. g4 Ng7 26. Rxh6 Ne6 27.
Rxg6+ Kf7 28. Nh4 Bg7 29. d5 cxd5 30. Nxd5 Rac8 31. f4 Rh8 32. Rxe6 Kxe6 33.
f5+ Kf7 34. e6+ (34. e6+ Kg8 (34... Kf8 35. Ng6+ Ke8 36. Nxh8 Bxh8 37. Nc7+ $18
) (34... Ke8 35. Nc7+ Rxc7 (35... Kf8 36. Ng6+ $18) 36. Bxc7 {/\Rd8#}) 35.
Nxe7+ Kf8 36. Nhg6+ Ke8 37. Nxc8 $18) 1-0

[Event "Hoogovens op"]
[Site "Wijk aan Zee"]
[Date "1993.01.??"]
[Round "9"]
[White "Smirin, Ilia"]
[Black "Schmittdiel, Eckhard"]
[Result "1-0"]
[WhiteElo "2590"]
[BlackElo "2450"]
[Annotator "Blatny,P"]
[PlyCount "61"]
[EventDate "1993.01.??"]
[EventType "swiss"]
[EventRounds "12"]
[EventCountry "NED"]
[SourceTitle "CBM 034"]
[Source "ChessBase"]
[SourceDate "1993.06.01"]
[SourceVersion "1"]
[SourceVersionDate "1993.06.01"]
[SourceQuality "1"]

1. e4 c5 2. Nf3 Nc6 3. Bb5 g6 4. c3 (4. Bxc6 bxc6 5. O-O Bg7 6. Re1 e5 {
--> Fischer-Spassky, St.Stefan 1992} (6... Nf6 $5 7. e5 Nd5 8. c4 Nc7 9. d4 {
Kharlov-Andersson, Haninge 1992}) (6... f6 {--> Fischer-Spassky, Beograd 1992})
) 4... Bg7 5. d4 Qb6 6. a4 cxd4 7. O-O $5 Nf6 (7... dxc3 8. Nxc3 {/\Nd5} e6 (
8... Bxc3 9. bxc3 $44 {><g7,h6,/^a1-h8 @}) (8... a6 $2 9. Nd5 Qd8 (9... Qa5 10.
Bd2 Qd8 11. Be3) 10. Be3 $1 $18) 9. Be3 $44 {|^,@}) 8. e5 Nd5 9. cxd4 O-O (9...
a6 $142 10. Bxc6 dxc6 (10... Qxc6 $5 {/\b5,Bb7}) 11. Nc3 Be6 $10 12. Ng5 $140
Nxc3 13. bxc3 Bc4 14. Re1 h6 {/\0-0-0 =/+}) 10. Nc3 $1 Nxc3 11. bxc3 {+/=/+/-
ץc8,@} d6 (11... a6 12. Bd3 {/\Rb1}) 12. exd6 exd6 13. Ba3 Na5 14. Ng5 h6 15.
Ne4 Rd8 16. Re1 Bf5 17. Qf3 Rac8 (17... Bxe4 $2 18. Rxe4 Qc7 19. Rae1 {/\Re7+-}
) 18. Ng3 Be6 19. Rxe6 $5 fxe6 20. Qg4 Qc7 (20... Rxc3 21. Qxg6 $40) 21. Ne4
Qe7 22. Qxg6 $44 Nc4 23. Bb4 a6 (23... a5 $2 24. Bxc4 Rxc4 25. Bxa5 {/\Bb4+/-})
24. Bxc4 Rxc4 25. Re1 Rc6 (25... Qf7 26. Qg3 $5 $40 (26. Qxf7+ $6 Kxf7 27.
Nxd6+ Rxd6 28. Bxd6 Rxc3 $14 {<=> _|_})) 26. Re3 Qf7 27. Qg3 Qf5 (27... d5 $2
28. Rf3 Qc7 (28... dxe4 29. Rxf7 Kxf7 30. Qf4+ $18 {_|_}) 29. Nf6+ Kh8 $8 30.
Qg6 Bxf6 31. Qxh6+ Kg8 32. Qxf6 $18) 28. h3 {ב1} e5 (28... d5 $142 29. Nd6 $40
) 29. Qh4 Rf8 30. Bxd6 Qf4 31. Qe7 {(+)} (31. Qe7 Rxd6 $1 32. Qxd6 exd4 $16)
1-0

[Event "Voskresensk"]
[Site "Voskresensk"]
[Date "1993.??.??"]
[Round "?"]
[White "Zaitsev, Igor A"]
[Black "Nadyrhanov, Sergey"]
[Result "1/2-1/2"]
[WhiteElo "2415"]
[BlackElo "2460"]
[Annotator "Blatny,P"]
[PlyCount "94"]
[EventDate "1993.??.??"]
[EventType "tourn"]
[EventRounds "11"]
[EventCountry "RUS"]
[EventCategory "9"]
[SourceTitle "CBM 038"]
[Source "ChessBase"]
[SourceDate "1994.02.01"]
[SourceVersion "1"]
[SourceVersionDate "1994.02.01"]
[SourceQuality "1"]

1. e4 c5 2. Nf3 Nc6 3. Bb5 g6 4. O-O Bg7 5. c3 Nf6 (5... e5 $5 6. b4 cxb4 7.
cxb4 Nge7 8. Qb3 O-O 9. Bc4 $2 (9. Bb2 $142) 9... d5 $1 10. exd5 e4 11. dxc6
exf3 $1 (11... Bxa1 12. Ng5 Nxc6 13. Nxf7 Qe7 14. Ne5+ Kg7 15. Nxc6 bxc6 16.
Nc3 $44) 12. Qxf3 Be6 $1 (12... Nxc6 13. Nc3 Ne5 14. Qd5 Qh4 15. Be2 Rd8 $44 {
--> Ferreira,A-Liberzon,V/Barcelona EUCup/1993/}) (12... Bxa1 13. cxb7 Bxb7 14.
Qxb7 $15) 13. cxb7 Rb8 14. d3 $8 Bxa1 15. Bf4 Bd5 $1 16. Bxd5 Qxd5 17. Qxd5
Nxd5 18. Bxb8 Rxb8 $19) 6. e5 (6. d4 $5 cxd4 7. cxd4 Nxe4 8. d5 Nd6 9. Ba4 b5
10. Bc2 Nb4 11. Bb3 O-O 12. Nc3 Na6 13. Bf4 $44 {--> Minasian,A-Vyzmanavin,A/
Luzern WchT/1993/}) 6... Nd5 7. d4 Nc7 $5 (7... cxd4 8. cxd4 O-O 9. Nc3 Nc7 10.
Ba4 d6 11. Bxc6 bxc6 12. Re1 dxe5 13. Nxe5 $14) 8. Ba4 (8. Bxc6 $6 dxc6 9. dxc5
Bg4 10. Nbd2 (10. Qxd8+ Rxd8 11. Nbd2 Ne6 $1 12. b4 Nf4 13. Re1 Nd3 $17) 10...
Ne6 (10... Bxe5 $2 11. Qb3) 11. Qa4 Bxf3 12. Nxf3 Nxc5 $15) (8. Bc4 $5) (8. a4
O-O (8... cxd4 9. cxd4 O-O 10. Nc3 $14) 9. Bf4 cxd4 10. cxd4 Nd5 $5 11. Bg3 b6
$13) 8... O-O 9. dxc5 (9. Re1 b5 $1) 9... Nxe5 10. Nxe5 Bxe5 11. Bh6 Bg7 (11...
Re8 12. Re1 Bh8 (12... Bf6 13. Nd2 {/\Ne4->}) 13. Nd2 {+/=/+/-} Ne6 $140 14.
Ne4 f5 $2 15. Ng5 Nxc5 $2 16. Qd5+ Ne6 17. Rad1 Qb6 18. Rxe6 $1 dxe6 19. Bxe8
$1 $18) 12. Bxg7 Kxg7 13. c4 (13. Nd2 $142) 13... Ne6 14. Nc3 Qa5 15. Nd5 Qxc5
16. b4 Qxc4 17. Rc1 $44 Qxa2 18. Re1 b5 $1 (18... Qb2 $2 19. Rc3 $1 {/\Re2+-})
19. Bxb5 Bb7 20. Nc3 Qa3 21. Qxd7 Rac8 22. Qxe7 Rxc3 (22... Rc7 $5 23. Qd6 Rfc8
24. Qe5+ Kg8 25. Ne4 $1 Bxe4 (25... Rxc1 26. Nf6+ $10) 26. Rxc7 Nxc7 27. Bd7
Qxb4 $1 28. Rxe4 Qb1+ 29. Re1 Rb8 30. h3 $15) 23. Rxc3 Qxc3 24. Rxe6 Rc8 25. h4
Rc7 26. Re3 $8 Rxe7 (26... Qc1+ 27. Re1 Qf4 28. Qe5+ $10) 27. Rxc3 Re1+ 28. Kh2
Rb1 29. Rc7 Bd5 30. Rd7 $1 Be6 31. Rxa7 Rxb4 32. Bd7 Rxh4+ 33. Kg3 Rg4+ 34. Kf3
Bxd7 35. Rxd7 $10 h5 36. g3 Ra4 37. Rb7 g5 38. Rb5 f6 39. Rb8 Kg6 40. Rh8 Ra2
41. Rg8+ Kf5 42. Rb8 Ra3+ 43. Kg2 Kg4 44. Rg8 f5 45. Rh8 Rd3 46. Rc8 Rf3 47.
Rg8 Rd3 1/2-1/2

[Event "EU-chT (Men) 21st"]
[Site "Heraklion"]
[Date "2017.10.29"]
[Round "2.1"]
[White "Bologan, Viktor"]
[Black "Gelfand, Boris"]
[Result "1/2-1/2"]
[WhiteElo "2615"]
[BlackElo "2737"]
[Annotator "Bologan,V"]
[PlyCount "87"]
[EventDate "2017.10.28"]
[EventType "team-swiss"]
[EventRounds "9"]
[EventCountry "GRE"]
[SourceTitle "CBM 182"]
[Source "ChessBase"]
[SourceDate "2018.01.17"]
[SourceVersion "1"]
[SourceVersionDate "2018.01.17"]
[SourceQuality "1"]
[WhiteTeam "Moldova"]
[BlackTeam "Israel"]
[WhiteTeamCountry "MDA"]
[BlackTeamCountry "ISR"]

1. e4 c5 2. Nf3 Nc6 3. Bb5 g6 4. Bxc6 bxc6 5. O-O Bg7 6. h3 $5 {Over the board
I decided to take Boris out of his theoretical waters and just play a game.
Anyway the move h3 is useful in most of the lines especially against the
bishop on c8.} Nh6 (6... Rb8 7. e5 f6 8. Qe2 fxe5 9. Nxe5 Nh6 10. d4 $5 {
with very nice trap:} cxd4 11. Bxh6 Bxh6 {Tikkanen,H 2515 - Low,Zhen Yu Cyrus
2256 , Stockholm SWE 12/27/2015 45th Rilton Cup 2015-16; in that game White
took on g6, but much stronger move was} 12. Nxc6 dxc6 13. Qe5 $1 {It's the
first time in almost 40 years career that I have seen such an idea in the
opening stage.} O-O 14. Qxb8 $16) 7. c3 ({After} 7. Re1 {I would simply
transpose the game into the main line.}) 7... O-O 8. d4 cxd4 9. cxd4 f5 {
The main idea for Black in these positions. Boris is trying to destroy White's
centre with ...f5 and ...c5.} (9... d5 10. e5 f6 11. Nc3 fxe5 12. Bxh6 {!} Bxh6
13. Nxe5 Qd6 14. Na4 Rf5 15. Qc2 Ba6 16. Rfe1 Raf8 {Macieja,B 2607 - Kapnisis,
S 2459 , Porto Rio GRE 7/3/2014 42th TCh-GRE 2014} 17. f3 Bg7 18. Qc3 $14) 10.
e5 Nf7 11. Ng5 $5 $146 {Played after a long think. My idea was to trade
knights and later if possible dark-squared bishops.} ({On} 11. Nc3 {I was
expecting} c5 $1 12. dxc5 Bb7 13. Nd5 e6 14. Nf6+ Bxf6 15. exf6 Qxf6 16. Re1
Rac8 17. Qxd7 Bxf3 18. gxf3 Ne5 19. Rxe5 Qxe5 20. Bh6 {1/2-1/2, Gharamian,T
2626 - Martinovic,Sa 2565 , Mali Losinj CRO 10/3/2017 26th TCh-CRO Div 1a 2017.
Here Black could continue with} Rfd8 21. Qxa7 Qxb2 22. Re1 Re8 $15) 11... e6 (
11... Nxg5 {looked tempting for Black:} 12. Bxg5 {followed by} f4 13. f3 d6 {
and here the best for White is to ignore the pawn on e5:} 14. Qb3+ Kh8 15. Nc3
$1 dxe5 16. dxe5 Qd4+ 17. Kh2 Qxe5 18. Bh4 g5 19. Bf2 Bf5 20. Rfe1 Qc7 21. Bc5
Bf6 22. Ne4 Bxe4 23. Rxe4 Rab8 24. Qc4 Rxb2 25. Rae1 {Though two pawns down
White has enough compensation to claim an equal game.}) 12. Nxf7 Rxf7 13. Re1 (
13. Nd2 c5 14. dxc5 Qc7 15. Nf3 Qxc5 (15... Bb7 16. b4) 16. Be3 Qb5 17. Rc1
Qxb2 18. Qa4 h6 19. Rfd1 Bf8 20. Bc5 Bb7 21. Rb1 Bc6 22. Qa6 Bb7 $11) 13... Bf8
14. Nc3 Bb7 15. a3 {One of those moments when you don't know how to improve
the position. I was afraid in some lines of ...Bb4.} (15. Bf4 g5) 15... a5 (
15... c5 $5 16. d5 Qb6 17. dxe6 dxe6 18. Qc2 g5) 16. b3 Qh4 (16... c5 17. d5
Qh4 18. Ra2 f4 19. dxe6 dxe6 20. Ne4 Be7 21. Nf6+ Bxf6 22. exf6 f3 23. Rxe6
Raf8 24. Rd2 fxg2 25. Qg4 Qxg4 26. hxg4 Rxf6 $11) 17. Ra2 c5 18. Rd2 Bh6 {
Gelfand could try to launch a direct attack on my king by playing} (18... f4 $5
19. dxc5 Bxg2 $1 {A nice strike but good enough only for a draw:} 20. Kxg2 f3+
21. Kh2 Qg5 22. Rg1 Qxe5+ 23. Kh1 Qxc3 24. Rxd7 Qxc5 25. Rxf7 Kxf7 26. Qxf3+
Qf5 $1 $11) 19. Rc2 Bxc1 ({A more precise try would be} 19... cxd4 20. Nb5 Bf8
21. Nd6 Bxd6 22. exd6 Ra6 23. Rc7 Bd5 24. Qd2 Rxd6 {with complicated positions
in which I would prefer to change sides with my opponent.}) 20. Rxc1 Qxd4 (
20... g5 $5 {was a man move but due to lack of time Boris decided to avoid
risks:} 21. d5 Rg7 22. Qd2 Rf8 23. Kh2 g4 24. Qf4 exd5 25. Rg1 d4 26. Nb5 Bf3 {
quite messy play.}) 21. Qxd4 {I was choosing between the text and} (21. Nb5
Qxd1 (21... Qd5 22. Qxd5 Bxd5 23. Nc7 Rc8 24. Rxc5 Rff8 25. Rec1 Bxb3 26. Nxe6
Rxc5 27. Nxc5 Be6 28. Rb1 $14) 22. Rexd1 Rb8 23. Rxc5 Bd5 24. b4 axb4 25. axb4
Bc6 26. Nd6 Rxb4 27. Nxf7 Kxf7 {with good drawing chances}) 21... cxd4 22. Nb5
Bd5 23. Nxd4 g5 24. Rc5 $14 g4 25. f3 Kf8 26. Kf2 Ke7 27. Rec1 h5 28. h4 {
The previous deep thinking took all the time away from us, so we were both
approaching severe time trouble. Considering that, I decided to fix the
h5-pawn on the white square. Meanwhile this was exactly one of those critical
moments of the game.} ({If I played} 28. Kg3 $1 {Black would be in a very
difficult situation. White's king's escapade to the kingside is supported by
the knight which controls important squares around it.} h4+ {on} (28... f4+ {
The king is happily hiding on h4} 29. Kh4 g3 (29... gxf3 30. gxf3) 30. Rb5 $16)
(28... Rff8 29. Kf4 h4 30. R1c3 gxf3 31. gxf3 $14) (28... gxf3 29. gxf3 Rff8
30. Kf4 h4 31. Rg1 Kf7 32. Rc7 Rfd8 33. Rgc1 Ke7 34. R1c5 $14) 29. Kf4 gxf3 30.
gxf3 Rff8 {transposing to 28...Rff8.}) 28... f4 29. Rc8 Rf8 30. Rxf8 Rxf8 31.
Rc5 {At this point I was quite happy with my position. It was only later I
realised that there is no way for me to advance.} Rb8 32. Rc3 ({I also
considered the knight versus bishop endgame} 32. Rxa5 gxf3 33. gxf3 Bxb3 34.
Rb5 Rxb5 35. Nxb5 Bc4 36. Nd6 Bb3 37. Ke2 Ba4 38. Kd3 Bc6 39. Ne4 Kf7 $11)
32... Rg8 33. Ne2 Rf8 34. Nd4 Rg8 35. Ne2 (35. Rc5 Rb8) 35... Rf8 {Both sides
have their weaknesses to protect and targets to attack, so the drawish result
should be welcomed.} 36. fxg4 hxg4 37. g3 f3 38. Nd4 Rb8 39. Ke3 (39. Rc5 Bxb3
{would bring the same draw as in the game.}) 39... Rf8 {With seconds left
Gelfand misses his chance to torture me after} (39... d6 $1 40. exd6+ (40. Rc7+
Kd8 41. exd6 e5 $19) 40... Kxd6 41. Kf2 Rb7 42. Nc2 Ke5 43. b4 axb4 44. axb4
Be4 $15 {and it is now White who has to be precise in order to make a draw.})
40. Kf2 Rb8 41. Rc5 Bxb3 42. Rb5 Rxb5 43. Nxb5 Kf7 44. Nd6+ {There is no way
to progress for either Black or White.} 1/2-1/2

[Event "Madrid"]
[Site "Madrid"]
[Date "1996.05.08"]
[Round "1"]
[White "Adams, Michael"]
[Black "Illescas Cordoba, Miguel"]
[Result "0-1"]
[WhiteElo "2660"]
[BlackElo "2635"]
[Annotator "Bologan,V"]
[PlyCount "84"]
[EventDate "1996.05.08"]
[EventType "tourn"]
[EventRounds "9"]
[EventCountry "ESP"]
[EventCategory "17"]
[SourceTitle "CBM 053"]
[Source "ChessBase"]
[SourceDate "1996.08.01"]
[SourceVersion "1"]
[SourceVersionDate "1996.08.01"]
[SourceQuality "1"]

1. e4 {Horvath,T} c5 2. Nf3 Nc6 3. Bb5 Nf6 4. e5 Nd5 5. O-O g6 6. c3 Bg7 7. d4
cxd4 8. cxd4 O-O 9. Nc3 Nc7 10. Bg5 h6 11. Bh4 g5 (11... Nxb5 {Horvath,T} 12.
Nxb5 a6 13. Nd6 $5 g5 14. Bxg5 hxg5 15. Nxg5 f6 $13) 12. Bg3 Nxb5 13. Nxb5 a6
14. Nc3 d6 15. d5 $1 {The simple} (15. exd6 exd6 {could even give Black
advantage.} (15... exd6 {Horvath,T} 16. d5 Ne7 $15)) (15. Re1 $2 {Horvath,T}
Bg4 16. h3 Bh5 {Der Anziehende hat große Schwierigkeiten mit dem Punkt "d4".
Leventic-Lanka/Portoroz/1994}) 15... Nxe5 16. Nxe5 dxe5 (16... Bxe5 17. f4 $44)
17. Re1 f6 18. Qb3 Kh8 19. Rad1 b5 20. f3 Qc7 $6 21. Rc1 f5 22. Ne4 Qb6+ 23.
Nc5 (23. Bf2 Qb8 24. Nc5 Qd6 25. Red1 $44) 23... Qd6 24. Bf2 (24. Ne6 $1 {
Horvath,T} Bxe6 25. dxe6 f4 $2 (25... a5 $5 26. Qxb5 Rfb8 27. Qxe5 Qb6+ 28. Bf2
Qxf2+ 29. Kxf2 Bxe5 30. Rxe5 Rxb2+ 31. Re2 Rxe2+ 32. Kxe2 Ra6 33. Rc5 $10) 26.
Red1 $1 $16) 24... Rd8 25. Rcd1 $6 {It was better to keep the white rooks on
"c1" and "d1". After 25.Red1 followed by Qc2 and b4 Adams would achieve a full
compensation for the pawn.} Rb8 26. h3 Bb7 27. Qc2 (27. Nxb7 Rxb7 28. Rc1 Rc7
$17 (28... Qxd5 $5 29. Red1 Qxb3 30. Rxd8+ Qg8 31. Rxg8+ Kxg8 32. Rc8+ Kf7 33.
Ra8 Rd7 $19)) (27. Ne6 $2 Bxd5 28. Nxd8 Bxb3 29. Rxd6 exd6 30. axb3 Rxd8 $19)
27... Rbc8 28. b4 f4 29. Qf5 Bxd5 30. Nb7 Qd7 $1 $19 {After this move White is
forced to go to the completly lost ending.} 31. Qxd7 Rxd7 32. Nc5 Rd6 33. a3
Kg8 34. Rc1 Kf7 35. Rc2 Rcd8 36. Ra1 Ba8 37. Re1 h5 38. Kf1 Kg6 39. Ke2 g4 40.
Bh4 Bf6 41. Bf2 gxf3+ 42. gxf3 Kf5 0-1

[Event "Sharjah FIDE GP (Women)"]
[Site "Sharjah"]
[Date "2014.08.30"]
[Round "5"]
[White "Muminova, Nafisa"]
[Black "Ushenina, Anna"]
[Result "1/2-1/2"]
[WhiteElo "2315"]
[BlackElo "2487"]
[Annotator "CB"]
[PlyCount "104"]
[EventDate "2014.08.25"]
[EventType "tourn"]
[EventRounds "11"]
[EventCountry "UAE"]
[EventCategory "10"]
[SourceTitle "CBM 162"]
[Source "ChessBase"]
[SourceDate "2014.09.17"]
[SourceVersion "1"]
[SourceVersionDate "2014.09.17"]
[SourceQuality "1"]

{The tense position in the center led to some interesting pawn trades.
Ushenina had a way to obtain a very slight advantage, but she miscalculated
and instead ended up slightly worse in the endgame. Muminova's edge was never
anything too great and the Ukrainian player had very few troubles holding on
to the draw.} 1. e4 c5 2. Nf3 Nc6 3. Bb5 g6 4. O-O Bg7 5. c3 Nf6 6. Re1 O-O 7.
d4 d5 8. e5 Ne4 9. Nbd2 cxd4 10. Nxe4 dxe4 11. Nxd4 Nxd4 12. Qxd4 Qxd4 13. cxd4
Rd8 14. Be3 Be6 15. Rec1 Rac8 16. b3 f6 17. Bc4 Bxc4 18. bxc4 e6 19. d5 fxe5 (
19... f5 20. Bg5 Bxe5 $1 21. Bxd8 Bxa1 22. Bg5 Be5 $1 (22... Bd4 23. d6 $16)
23. dxe6 Bd4 $15) 20. dxe6 Re8 21. Bxa7 Rxe6 22. Be3 Ra6 23. a4 Bf8 24. c5 Rc7
25. Kf1 Ra5 26. Ke2 Kf7 27. Rc4 Bxc5 28. Rxc5 Rcxc5 29. Bxc5 Rxc5 30. Rb1 Kf6
31. Rxb7 Rc2+ 32. Ke3 Rc3+ 33. Kxe4 Rc4+ 34. Ke3 Rxa4 35. Rxh7 Ra3+ 36. Ke4
Ra4+ 37. Kf3 Ra3+ 38. Kg4 Ra2 39. Kg3 Ra3+ 40. f3 e4 41. Rh4 exf3 42. gxf3 Rb3
43. Ra4 Rb2 44. h3 Rb5 45. Rf4+ Kg7 46. Kg4 Ra5 47. Rb4 Rc5 48. Rb6 Ra5 49. f4
Ra3 50. Re6 Rb3 51. f5 gxf5+ 52. Kxf5 Rxh3 1/2-1/2

[Event "Douglas PokerStars op"]
[Site "Douglas"]
[Date "2015.10.05"]
[Round "3"]
[White "Timman, Jan H"]
[Black "Fressinet, Laurent"]
[Result "0-1"]
[WhiteElo "2562"]
[BlackElo "2702"]
[Annotator "CB"]
[PlyCount "60"]
[EventDate "2015.10.03"]
[EventType "swiss"]
[EventRounds "9"]
[EventCountry "IOM"]
[SourceTitle "CBM 168 Extra"]
[Source "ChessBase"]
[SourceDate "2015.10.29"]
[SourceVersion "1"]
[SourceVersionDate "2015.10.29"]
[SourceQuality "1"]

1. e4 c5 2. Nf3 Nc6 3. Bb5 g6 4. O-O Bg7 5. Re1 Nf6 6. e5 Nd5 7. Nc3 Nc7 8.
Bxc6 dxc6 9. Ne4 Ne6 10. d3 b6 11. Nfg5 (11. Neg5 h6 12. Nxe6 Bxe6 13. b3 O-O
14. Bb2 Qc7 15. Qe2 Rae8 16. h3 Qc8 17. Qe3 f5 18. exf6 exf6 19. Qd2 Qd7 20.
Re2 Bd5 21. Rae1 Bxf3 22. Rxe8 Rxe8 23. Rxe8+ Qxe8 24. gxf3 Qd7 25. Kg2 g5 26.
Qe3 Kf7 27. Qe4 f5 28. Qc4+ Qd5 29. Qxd5+ cxd5 30. Bxg7 Kxg7 31. f4 g4 32. f3
gxh3+ 33. Kxh3 {1/2-1/2 (33) Perez Garcia,R (2406)-Becerra Rivero,J (2551)
Santo Domingo 2012}) (11. Be3) 11... h6 12. Nxe6 Bxe6 13. Bf4 {[#]} Qd4 {
Wir sehen nun eine sehr agile Dame:} 14. Qf3 Qxb2 15. Nd6+ {Der vorbereitete
Gegentrick funktioniert nicht, weil Schwarz ihn einfach ignoriert.} Kd7 (15...
exd6 $2 16. Qxc6+ $18) 16. Nc4 Qd4 17. c3 Qxc3 18. Rac1 Qd4 19. Re4 Qd5 20. Ne3
{[#]} Qxa2 {Eine Feld hatte die schwarze Dame noch.} 21. d4 Rhd8 22. dxc5 bxc5
(22... b5 $19) 23. h4 ({Besser war} 23. Rd4+ Ke8 (23... cxd4 24. Qxc6#) 24.
Qxc6+ Kf8 25. Qxc5) 23... Ke8 24. Rxc5 {[#] und nun gewinnt einfach der
Vormarsch des freien a-Bauern.} a5 25. Kh2 a4 26. Rb4 Kf8 27. Rc2 Qa3 28. Qe4
Qd3 29. Qxc6 a3 30. Rc3 Qa6 0-1

[Event "Leipzig Einladungsturnier-17"]
[Site "Leipzig"]
[Date "1978.12.04"]
[Round "1"]
[White "Schurade, Matthias"]
[Black "Baumbach, Friedrich"]
[Result "1-0"]
[WhiteElo "2350"]
[BlackElo "2375"]
[Annotator "ChessBase"]
[PlyCount "51"]
[EventDate "1978.12.04"]
[EventType "tourn"]
[EventRounds "11"]
[EventCountry "DDR"]
[EventCategory "6"]
[SourceTitle "EXT 1999"]
[Source "ChessBase"]
[SourceDate "1998.11.16"]
[SourceVersion "1"]
[SourceVersionDate "1998.11.16"]
[SourceQuality "1"]

1. e4 c5 2. Nf3 Nc6 3. Bb5 g6 4. O-O Bg7 5. c3 Nf6 6. d4 cxd4 7. e5 Nd5 8. cxd4
O-O 9. Nc3 Nxc3 10. bxc3 d6 11. exd6 Qxd6 12. a4 Bg4 $6 (12... Qc7 $142) 13. h3
Bxf3 14. Qxf3 Rfd8 15. Bg5 Rac8 $2 (15... h6) 16. Rfe1 $1 Rd7 17. Bf4 $1 Qd5 (
17... Qf6 18. d5 $1) 18. Qxd5 Rxd5 19. Bxc6 bxc6 20. Rxe7 c5 $6 21. Rae1 $1 Bf6
22. Re8+ Rxe8 23. Rxe8+ Kg7 24. dxc5 $1 Bg5 (24... Rxc5 25. Bd6 {/\ Bf8+}) 25.
Be5+ $1 Bf6 (25... f6 26. Bd4) 26. Bg3 $1 1-0

[Event "Paris op"]
[Site "Paris"]
[Date "1996.??.??"]
[Round "5"]
[White "Barczay, Laszlo"]
[Black "Claverie, Christophe"]
[Result "1-0"]
[WhiteElo "2400"]
[BlackElo "2325"]
[Annotator "ChessBase"]
[PlyCount "45"]
[EventDate "1996.04.??"]
[EventType "swiss"]
[EventRounds "9"]
[EventCountry "FRA"]
[SourceTitle "EXT 1997"]
[Source "ChessBase"]
[SourceDate "1996.11.15"]
[SourceVersion "1"]
[SourceVersionDate "1996.11.15"]
[SourceQuality "1"]

1. e4 c5 2. Nf3 Nc6 3. Bb5 g6 4. Bxc6 dxc6 5. O-O Bg7 6. e5 Bg4 7. Re1 Qc7 8.
d4 cxd4 9. h3 Bxf3 10. Qxf3 Bxe5 11. Na3 Bg7 12. Bf4 Qd7 13. Nc4 Nf6 14. Qa3
Nd5 15. Be5 Bxe5 16. Nxe5 Qf5 17. Qb3 O-O 18. Rad1 f6 19. Ng4 Qf4 20. Rxe7 h5
21. g3 Qb8 22. Rxd4 hxg4 {[#]} 23. Rxd5 {Mat en huit coups si c*d} (23. Rxd5
cxd5 24. Qxd5+ Kh8 25. hxg4 Qe5 (25... Qxg3+ 26. fxg3 Rfe8 27. Qh1+ Kg8 28.
Qh7+ Kf8 29. Qg7#) 26. Qh1+ $18 Qh5 (26... Kg8 27. Qh7#) 27. gxh5 g5 28. Qe4
Rf7 (28... f5 29. Qe5+ Rf6 30. Qxf6+ Kg8 31. Qg7#) 29. Rxf7 $10 f5 $10 30. Qe5+
Kg8 31. Qg7# $10) 1-0